000 01192nam a2200313 i 4500
003 EG-GICUC
005 20260121101220.0
008 251113s1985 ua ||||f |||| 00| 0 ara d
020 _a84/5357
040 _a EG-GICUC
_bara
_c EG-GICUC
_d EG-GICUC
_erda
041 _aara
082 0 4 _221
_a345
_bم ح . و
092 0 4 _221
099 _alaw1 07 345 م ح . و 1985
100 0 _aمحمد انس قاسم جعفر
_eمؤلف.
245 _aالوسيط في القانون العام :
_bاسس و اصول القانون الإداري /
_cدكتور محمد انس قاسم جعفر
264 _aالقاهرة :
_bدار النهضة العربية ,
_c1985.
300 _a490 صفحة
_c24 سم
336 _2rda content
_atext
337 _2rda media
_aComputer
338 _2rda carrier
_aOnline Resource
504 _a. 486 -476ببليوجرافيا: صفحات.
546 _aالنص أغلبه باللغة العربية بعض النصوص الإنجليزية والفرنسية
650 1 _aالقانون الإداري
_2qrmak
651 1 _2qrmak
856 4 0 _uhttps://fll.law.cu.edu.eg/fulltext/bks/B07-00690.pdf
905 _a74
942 _2ddc
_n0
_cBK
_e21
999 _c43216
_d43216